| 000 | 00484nam a2200145Ia 4500 | ||
|---|---|---|---|
| 008 | 151213s9999 xx 000 0 und d | ||
| 100 | _aমোহতী উল আলম। | ||
| 245 |
_aএ পারে অপার টান। _cমোহতী উল আলম। |
||
| 260 |
_aঢাকা _bজনতা বুক হাউস। _c2001 |
||
| 300 | _a8470 p. | ||
| 650 | _aBangla | ||
| 650 | _aBengali Literature | ||
| 700 | _aমোহতী উল আলম। | ||
| 999 |
_c4308 _d4308 |
||